00376pab a2200145 454500008004000000100002400040245005000064260000900114300000800123362001100131650002800142650002600170650002000196773001400216180718b1999 xxu||||| |||| 00| 0 eng d aRay, Indranill Basu aDiseased nation: need to review health policy c1999 ap.8 a21 Jun aHealth services - India aHealth policy - India aHealth services aStatesman